Largest Cities In Chinese Provinces - Statistics

General Stats
  • This quiz has been taken 24 times
  • The average score is 8 of 15
Answer Stats
Province Biggest City % Correct
Shaanxi Xian
86%
Sichuan Chengdu
76%
Yunnan Kunming
71%
Hubei Nanjing
67%
Fujian Xiamen
67%
Zhejiang Hangzhou
62%
Liaoning Shenyang
62%
Anhui Hefei
57%
Hunan Changsha
52%
Hainan Haikou
52%
Gansu Lanzhou
43%
Jiangxi Nanchang
33%
Guizhou Guiyang
29%
Shandong Linyi
5%
Henan Zhegzhou
5%
No matching quizzes found
Score Distribution
Percent of People with Each Score
Percentile by Number Answered
Your Score History
You have not taken this quiz